000 01793nam a22004457a 4500
003 CHAP
005 20220817044248.0
008 090408s2008 mx a r 00010 spa d
010 _a96033
011 _a97005
035 _a107664
040 _cCHAP
090 _aTesis
100 1 _aPeralta Solabac, María Sandra.
_987049
245 1 0 _aSistematización de los módulos caprino (Capra hircus) y avícola (Gallus gallus) del Centro Agroecológico, Las Cañadas, Huatusco, Veracruz
_c/por María Sandra Peralta Solabac
260 _aChapingo, Méx. :
_bEl autor,
_c2008
300 _avi, 140 h. :
_bilus., cuadros, diagramas
502 _aTesis (Ing. en Agroecología) -- UACH. Departamento de Agroecología
530 _aTambién disponible en línea
590 _aALEPH
_b10
_c20130110
_lUCH01
_h1528
590 _aBATCH-UPD
_b10
_c20130110
_lUCH01
_h0820
590 _aBATCH-UPD
_b10
_c20130410
_lUCH01
_h0458
590 _aBATCH-UPD
_b10
_c20130913
_lUCH01
_h2226
590 _aBATCH-UPD
_b10
_c20140324
_lUCH01
_h1511
590 _aBATCH-UPD
_b10
_c20141002
_lUCH01
_h0839
590 _aCONVERSION
_b10
_c20130109
_lUCH01
_h1353
650 1 4 _aAgricultura sustentable.
650 1 4 _aAvicultura
_xAspectos económicos.
_98707
650 1 4 _aAvicultura
_zVeracruz.
_98755
650 1 4 _aGanado cabrío
_xAspectos económicos.
_944994
650 1 4 _aGanado cabrío
_xProducción.
_945038
650 1 4 _aGanado cabrío
_zVeracruz.
_945055
650 1 4 _aOrganización.
_983533
650 1 4 _aSistemas de producción.
_9106767
856 _3Finding aid
_uhttp://10.13.5.2/tesis/107664.pdf
_zTeclea aqui
901 _aBK
942 _cFOLL
949 _aTesis
_bBC
_cTES
_d33724002088173
_eTS1
_gDonaciØn
_h49245
_i107664
_sb
949 _aTesis
_bBC
_cTES
_d33724002088215
_eTS2
_fc.2
_gDonaciØn
_h49246
_i107664
_si
999 _c96033
_d96033